000 00979 a2200229 4500
005 20260226165242.0
008 260226b |||||||| |||| 00| 0 eng d
020 _a9789392380464 (hbk)
037 _cTB
040 _aCRL
_cCRL
041 _2hin
_ahin
084 _aO152,3N21:g R3
_qCRL
245 _aफणीशवरनाथ रेणु और मार्क्सवादी आलोचना
260 _aदिल्ली, भारत:
_bअनन्य प्रकाशन,
_c2023.
300 _a198पृ.
365 _b450.00
_cINR
650 _aहिन्दी कहानी
650 _aहिन्दी साहित्य
700 _aमधुरेश
_eसम्पादक
942 _cTB
_2CC
_hO152,3N21:g R3
999 _c1466847
_d1466847